Online
Catalog

Album histórico de Mao : (Record no. 31984)

MARC details
000 -CABECERA
campo de control de longitud fija 01363nam a2200313 i 4500
001 - NÚMERO DE CONTROL
campo de control 000032493
003 - IDENTIFICADOR DEL NÚMERO DE CONTROL
campo de control DO-SdBNP
005 - FECHA Y HORA DE LA ÚLTIMA TRANSACCIÓN
campo de control 20260602153144.0
007 - CAMPO FIJO DE DESCRIPCIÓN FÍSICA--INFORMACIÓN GENERAL
campo de control de longitud fija ta
008 - DATOS DE LONGITUD FIJA--INFORMACIÓN GENERAL
campo de control de longitud fija 110718d1982 dr ac 000 0 spa d
040 ## - FUENTE DE LA CATALOGACIÓN
Centro catalogador/agencia de origen DO-SdBNP
Lengua de catalogación spa
Centro/agencia transcriptor BNPHU
Normas de descripción rda
041 ## - CÓDIGO DE LENGUA
Código de lengua del texto/banda sonora o título independiente spa
082 ## - NÚMERO DE LA CLASIFICACIÓN DECIMAL DEWEY
Número de clasificación 972.9323
Número de documento/Ítem R696a
Número de edición 23
100 1# - ENTRADA PRINCIPAL--NOMBRE DE PERSONA
Nombre de persona Rodríguez Bonilla, Manuel
Término indicativo de función/relación autor
9 (RLIN) 38657
Código de función/relación aut.
245 10 - MENCIÓN DE TÍTULO
Título Album histórico de Mao :
Resto del título 100 años de vida municipal /
Mención de responsabilidad, etc. Manuel Rodríguez Bonilla, Francisco Antonio Bonilla ; fotografía, Leonel Castillo
264 ## - PRODUCCIÓN, PUBLICACIÓN, DISTRIBUCIÓN, FABRICACIÓN Y COPYRIGHT
Producción, publicación, distribución, fabricación y copyright Mao, República Dominicana :
Nombre del de productor, editor, distribuidor, fabricante [editor no identificado],
Fecha de producción, publicación, distribución, fabricación o copyright 1982
300 ## - DESCRIPCIÓN FÍSICA
Extensión 68 páginas :
Otras características físicas ilustraciones, retratos. ;
Dimensiones 22 x 23 cm
336 ## - TIPO DE CONTENIDO
Fuente rdacontent
Término de tipo de contenido texto
Código de tipo de contenido txt
337 ## - TIPO DE MEDIO
Fuente rdamedia
Nombre/término del tipo de medio sin mediación
Código del tipo de medio n
338 ## - TIPO DE SOPORTE
Fuente rdacarrier
Nombre/término del tipo de soporte volumen
Código del tipo de soporte nc
505 ## - NOTA DE CONTENIDO CON FORMATO
Nota de contenido con formato Libro de fotografías históricas de Mao y sus munícipes preparado y publicado por Manuel Rodríguez Bonilla y Francisco Antonio Bonilla (Quiquito) en 1982 al celebrar el municipio de Mao 100 años de su fundación.
590 ## - NOTA LOCAL (RLIN)
Nota local Inventariado, 2024/DG
651 ## - PUNTO DE ACCESO ADICIONAL DE MATERIA--NOMBRE GEOGRÁFICO
Nombre geográfico Mao (Valverde, República Dominicana)
Subdivisión general Historia
Subdivisión cronológica Siglo XX
9 (RLIN) 89844
651 ## - PUNTO DE ACCESO ADICIONAL DE MATERIA--NOMBRE GEOGRÁFICO
Nombre geográfico Mao (Valverde, República Dominicana)
Subdivisión general Aniversarios
9 (RLIN) 89845
700 1# - PUNTO DE ACCESO ADICIONAL--NOMBRE DE PERSONA
Nombre de persona Bonilla, Antonio
9 (RLIN) 58435
Código de función/relación aut.
Término indicativo de función/relación autor
700 1# - PUNTO DE ACCESO ADICIONAL--NOMBRE DE PERSONA
Nombre de persona Castillo, Leonel
Término indicativo de función/relación fotógrafo
9 (RLIN) 78619
910 ## - DATOS DE OPCIÓN DEL USUARIO (OCLC)
Datos de opción del usuario DG
942 ## - ELEMENTOS DE PUNTO DE ACCESO ADICIONAL (KOHA)
Fuente del sistema de clasificación o colocación Dewey Decimal Classification
Tipo de ítem Koha Libro
Holdings
Estado de retiro Estado de pérdida Fuente del sistema de clasificación o colocación Restricciones de uso No para préstamo Código de colección Localización permanente Ubicación/localización actual Ubicación en estantería Fecha de adquisición Total de préstamos Signatura topográfica completa Código de barras Fecha visto por última vez Precio válido a partir de Tipo de ítem Koha Fuente de adquisición Número de copia Nota pública
    Dewey Decimal Classification Excluido de préstamo   Patrimonio Dominicano Biblioteca Nacional Pedro Henríquez Ureña Biblioteca Nacional Pedro Henríquez Ureña En catalogación 18.07.2011   BNPHU PD R696 32493-10 25.06.2020 25.06.2020 Libro      
    Dewey Decimal Classification Excluido de préstamo   Patrimonio Dominicano Biblioteca Nacional Pedro Henríquez Ureña Biblioteca Nacional Pedro Henríquez Ureña En catalogación 22.07.2024   BNPHU PD 972.9323 R696a 2024-4489 22.07.2024 22.07.2024 Libro donación e.2 Emilio Cordero Michel

Powered by Koha